Normal view
MARC view
- Venetsanopoulos, A. N.
Entry Personal Name
001 - CONTROL NUMBER
- control field: 96520
003 - CONTROL NUMBER IDENTIFIER
- control field: NUST
005 - DATE AND TIME OF LATEST TRANSACTION
- control field: 20220804114246.0
008 - FIXED-LENGTH DATA ELEMENTS
- fixed length control field: 220804|| aca||aabn | a|a d
040 ## - CATALOGING SOURCE
- Original cataloging agency: NUST
- Transcribing agency: NUST
100 ## - HEADING--PERSONAL NAME
- Personal name: Venetsanopoulos, A. N.
- Dates associated with a name: 1941-
670 ## - SOURCE DATA FOUND
- Source citation: Work cat.: (NUST)175592: Plataniotis, Konstantinos N. 96519, Color image processing and applications /, c2000.
